书目信息 |
| 题名: |
创作:绘画基础课程
|
|
| 作者: | 唐楚孝 | |
| 分册: | ||
| 出版信息: | 重庆 西南师范大学出版社 2000.07 |
|
| 页数: | 25页 | |
| 开本: | 16开 | |
| 丛书名: | 少年美术基础丛书 | |
| 单 册: | ||
| 中图分类: | J204 | |
| 科图分类: | ||
| 主题词: | 绘画理论 | |
| 电子资源: | ||
| ISBN: | 7-5621-2312-8 | |
| 000 | 00597nam0 2200217 45 | |
| 001 | 0308271028 | |
| 005 | 20030827105733.9 | |
| 010 | @a7-5621-2312-8@d8.00元 | |
| 100 | @a20030827d2000 km y0chiy0120 ea | |
| 101 | @achi | |
| 105 | @a z 000yy | |
| 200 | 1 | @a创作:绘画基础课程@Achuang zuo:hui hua ji chu ke cheng@f唐楚孝@Ftang chu xiao |
| 210 | @a重庆@c西南师范大学出版社@d2000.07 | |
| 215 | @a25页@d16开 | |
| 225 | 2 | @a少年美术基础丛书 |
| 410 | 0 | @12001 @a少年美术基础丛书 |
| 606 | 0 | @a绘画理论 |
| 690 | @aJ204@v3 | |
| 701 | 0 | @a唐楚孝 |
| 801 | @aCN@b@c20030827 | |
| 905 | @aBZT@dJ204@e85 | |
| 创作:绘画基础课程/唐楚孝.-重庆:西南师范大学出版社,2000.07 |
| 25页;16开.-(少年美术基础丛书) |
| ISBN 7-5621-2312-8:8.00元 |
| ● |
| 相关链接 |
|
|
|
正题名:创作:绘画基础课程
索取号:J204/85
 
预约/预借
| 序号 | 登录号 | 条形码 | 馆藏地/架位号 | 状态 | 备注 |